An Introduction to Geophysical Exploration/ (Record no. 12810)
[ view plain ]
| 000 -LEADER | |
|---|---|
| fixed length control field | 00956cam a2200265 a 4500 |
| 001 - CONTROL NUMBER | |
| control field | 12565789 |
| 005 - DATE AND TIME OF LATEST TRANSACTION | |
| control field | 20161229125216.0 |
| 008 - FIXED-LENGTH DATA ELEMENTS--GENERAL INFORMATION | |
| fixed length control field | 011016s2002 maua b 001 0 eng |
| 010 ## - LIBRARY OF CONGRESS CONTROL NUMBER | |
| LC control number | 2001052638 |
| 020 ## - INTERNATIONAL STANDARD BOOK NUMBER | |
| International Standard Book Number | 0632049294 (pb. : alk. paper) |
| 040 ## - CATALOGING SOURCE | |
| Original cataloging agency | DLC |
| Transcribing agency | DLC |
| Modifying agency | DLC |
| 050 00 - LIBRARY OF CONGRESS CALL NUMBER | |
| Classification number | TN269 |
| Item number | .K37 2002 |
| 082 00 - DEWEY DECIMAL CLASSIFICATION NUMBER | |
| Classification number | 622.15 |
| Edition number | 21 |
| Item number | KEA |
| 100 1# - MAIN ENTRY--PERSONAL NAME | |
| Personal name | Kearey, Philip |
| 9 (RLIN) | 8944 |
| 245 13 - TITLE STATEMENT | |
| Title | An Introduction to Geophysical Exploration/ |
| Statement of responsibility, etc | Philip Kearey, Michael Brooks, Ian Hill |
| 250 ## - EDITION STATEMENT | |
| Edition statement | 3rd ed. |
| 260 ## - PUBLICATION, DISTRIBUTION, ETC. (IMPRINT) | |
| Place of publication, distribution, etc | Malden, MA ; |
| -- | Oxford : |
| Name of publisher, distributor, etc | Blackwell Science, |
| Date of publication, distribution, etc | c2002. |
| 300 ## - PHYSICAL DESCRIPTION | |
| Extent | viii, 262 p. : |
| Other physical details | ill. ; |
| Dimensions | 24 cm. |
| 504 ## - BIBLIOGRAPHY, ETC. NOTE | |
| Bibliography, etc | Includes bibliographical references and index. |
| 650 #0 - SUBJECT ADDED ENTRY--TOPICAL TERM | |
| 9 (RLIN) | 8945 |
| Topical term or geographic name as entry element | Prospecting |
| General subdivision | Geophysical methods |
| 700 1# - ADDED ENTRY--PERSONAL NAME | |
| Personal name | Brooks, Michael |
| 9 (RLIN) | 8946 |
| 700 1# - ADDED ENTRY--PERSONAL NAME | |
| Personal name | Hill, Ian. |
| 9 (RLIN) | 8947 |
| 942 ## - ADDED ENTRY ELEMENTS (KOHA) | |
| Source of classification or shelving scheme | Dewey Decimal Classification |
| Item type | Book - Borrowing |
| Withdrawn status | Item status | Source of classification or shelving scheme | Damaged status | Not for loan | Vendor | Home library | Current library | Shelving location | Date acquired | Source of acquisition | Total Checkouts | Total Renewals | Full call number | Barcode | Date last seen | Date last borrowed | Koha item type |
|---|---|---|---|---|---|---|---|---|---|---|---|---|---|---|---|---|---|
| Dewey Decimal Classification | Baccah | Central Library | Central Library | First floor | 18/10/2009 | 8 | 82 | 622.15 KEA | 000018507 | 15/07/2025 | 29/09/2019 | Book - Borrowing | |||||
| Dewey Decimal Classification | Baccah | Central Library | Central Library | First floor | 18/10/2009 | 1 | 622.15 KEA | 000018506 | 15/07/2025 | 13/12/2009 | NB - Book (Non borrowing) |